Motivational marketing : how to effectively motivate your prospects to buy now, buy more, and tell their friends too! /
| Автор: | |
|---|---|
| Формат: | Книга |
| Мова: | English |
| Опубліковано: |
Hoboken, N.J. :
John Wiley & Sons,
2007.
|
| Предмети: | |
| Онлайн доступ: | Table of contents only Contributor biographical information Publisher description |
| Classic Catalogue: | View this record in Classic Catalogue |
| LEADER | 01314nam a2200277 a 4500 | ||
|---|---|---|---|
| 001 | 29532 | ||
| 003 | BD-DhAAL | ||
| 005 | 20150810101758.0 | ||
| 008 | 150810s2007 njua 000 0 eng | ||
| 010 | |a 2007013501 | ||
| 020 | |a 9780470116357 (cloth) | ||
| 040 | |a DLC |c DLC |d DLC |d BD-DhAAL | ||
| 050 | 0 | 0 | |a HF5415 |b .I397 2007 |
| 082 | 0 | 0 | |a 658.8342 |2 22 |
| 100 | 1 | |a Imbriale, Robert. |9 13593 | |
| 245 | 1 | 0 | |a Motivational marketing : |b how to effectively motivate your prospects to buy now, buy more, and tell their friends too! / |c Robert Imbriale. |
| 260 | |a Hoboken, N.J. : |b John Wiley & Sons, |c 2007. | ||
| 300 | |a xxvi , 198 p. : |b ill. ; 24 cm. | ||
| 541 | |e 29532 | ||
| 650 | 0 | |a Marketing |x Psychological aspects. |9 9358 | |
| 856 | 4 | 1 | |3 Table of contents only |u http://www.loc.gov/catdir/toc/ecip0714/2007013501.html |
| 856 | 4 | 2 | |3 Contributor biographical information |u http://www.loc.gov/catdir/enhancements/fy0741/2007013501-b.html |
| 856 | 4 | 2 | |3 Publisher description |u http://www.loc.gov/catdir/enhancements/fy0741/2007013501-d.html |
| 942 | |2 ddc |c BK | ||
| 999 | |c 35182 |d 35182 | ||
| 952 | |0 0 |1 0 |2 ddc |4 0 |6 658_834200000000000_IMB |7 0 |9 55156 |a BRACUL |b BRACUL |c GEN |d 2015-08-10 |e BRAC Institute of Language (BIL) |l 1 |o 658.8342 IMB |p 3010029532 |r 2025-05-13 |s 2025-05-05 |t 1 |w 2015-08-10 |y BK |x Transferred from BIL to BRACUL on 06/06/22 | ||